|
|
|
|
| LEADER |
02003nam a22004335i 4500 |
| 001 |
978-1-907673-36-8 |
| 003 |
DE-He213 |
| 005 |
20150520195542.0 |
| 007 |
cr nn 008mamaa |
| 008 |
111105s2008 xxk| s |||| 0|eng d |
| 020 |
|
|
|a 9781907673368
|9 978-1-907673-36-8
|
| 024 |
7 |
|
|a 10.1007/978-1-907673-36-8
|2 doi
|
| 040 |
|
|
|d GrThAP
|
| 050 |
|
4 |
|a RC254-282
|
| 072 |
|
7 |
|a MJCL
|2 bicssc
|
| 072 |
|
7 |
|a MED062000
|2 bisacsh
|
| 082 |
0 |
4 |
|a 616.994
|2 23
|
| 100 |
1 |
|
|a List, Alan.
|e author.
|
| 245 |
1 |
0 |
|a Clinician’s Manual on Myelodysplastic Syndromes
|h [electronic resource] /
|c by Alan List.
|
| 264 |
|
1 |
|a Tarporley :
|b Springer Healthcare Ltd. :
|b Imprint: Springer Healthcare,
|c 2008.
|
| 300 |
|
|
|a VII, 60 p.
|b online resource.
|
| 336 |
|
|
|a text
|b txt
|2 rdacontent
|
| 337 |
|
|
|a computer
|b c
|2 rdamedia
|
| 338 |
|
|
|a online resource
|b cr
|2 rdacarrier
|
| 347 |
|
|
|a text file
|b PDF
|2 rda
|
| 505 |
0 |
|
|a to myelodysplastic syndromes -- Etiology and pathophysiology -- Signs and symptoms of myelodysplastic syndromes -- Clinical assessment and diagnosis -- Classification of myelodysplastic syndromes -- Management of myelodysplastic syndromes.
|
| 520 |
|
|
|a An overview of diagnosis and current management of myelodysplastic syndromes. - Reviews the performance of the pharmacological treatments currently available and analyses the potential for new treatments - High quality clinical photos and figures to enhance descriptions and improve reader comprehension - Useful reference text for healthcare professionals needing to know more about myelodysplastic syndromes.
|
| 650 |
|
0 |
|a Medicine.
|
| 650 |
|
0 |
|a Hematology.
|
| 650 |
|
0 |
|a Oncology.
|
| 650 |
1 |
4 |
|a Medicine & Public Health.
|
| 650 |
2 |
4 |
|a Oncology.
|
| 650 |
2 |
4 |
|a Hematology.
|
| 710 |
2 |
|
|a SpringerLink (Online service)
|
| 773 |
0 |
|
|t Springer eBooks
|
| 776 |
0 |
8 |
|i Printed edition:
|z 9781858734279
|
| 856 |
4 |
0 |
|u http://dx.doi.org/10.1007/978-1-907673-36-8
|z Full Text via HEAL-Link
|
| 912 |
|
|
|a ZDB-2-SME
|
| 950 |
|
|
|a Medicine (Springer-11650)
|